[Event "Budapest FS03 FM-B"]
[Site "Budapest"]
[Date "2011.03.10"]
[Round "6"]
[White "Czipp, Janos"]
[Black "Hegedus, Peter"]
[Result "0-1"]
[WhiteElo "1599"]
[BlackElo "1792"]
[PlyCount "54"]
[EventDate "2011.03.05"]
[EventType "tourn"]
[EventRounds "10"]
[EventCountry "HUN"]
[SourceTitle "CBM 141 Extra"]
[Source "ChessBase"]
[SourceDate "2011.05.03"]
[SourceVersion "1"]
[SourceVersionDate "2011.05.03"]
[SourceQuality "1"]

1. c4 f5 2. d4 Nf6 3. Nf3 g6 4. Bf4 Bg7 5. e3 d6 6. Nbd2 0-0 7. h3 c6 8. Qb3 Kh8 9. Rd1 Qa5 10. Be2 Ne4 11. h4 e5 12. Bh2 Nd7 13. Kf1 Nxd2+ 14. Nxd2 Nf6 15. Qc3 Qxc3 16. bxc3 Re8 17. f3 Bh6 18. dxe5 dxe5 19. Bg1 Be6 20. Ke1 Rad8 21. Nb3 b6 22. Bh2 Rxd1+ 23. Kxd1 f4 24. e4 Nh5 25. Bd3 Rd8 26. Kc2 Bf8 27. Rd1 Be7 0-1

[Event "Budapest FS03 FM-B"]
[Site "Budapest"]
[Date "2011.03.07"]
[Round "3"]
[White "Hegedus, Peter"]
[Black "Csetneki, Mark"]
[Result "1-0"]
[WhiteElo "1792"]
[BlackElo "1640"]
[PlyCount "65"]
[EventDate "2011.03.05"]
[EventType "tourn"]
[EventRounds "10"]
[EventCountry "HUN"]
[SourceTitle "CBM 141 Extra"]
[Source "ChessBase"]
[SourceDate "2011.05.03"]
[SourceVersion "1"]
[SourceVersionDate "2011.05.03"]
[SourceQuality "1"]

1. e4 c5 2. c3 Nf6 3. e5 Nd5 4. d4 cxd4 5. Nf3 e6 6. cxd4 Nc6 7. Bc4 Nb6 8. Bb3 d5 9. 0-0 Be7 10. Nc3 0-0 11. a3 Bd7 12. Bc2 Re8 13. Qd3 g6 14. Bh6 Bf8 15. Qd2 Nc4 16. Qc1 Ne7 17. Bxf8 Rxf8 18. Qh6 f5 19. exf6 Rxf6 20. Ng5 Nf5 21. Bxf5 Rxf5 22. Qxh7+ Kf8 23. Qh8+ Ke7 24. Qg7+ Ke8 25. Qxg6+ Kf8 26. Nxe6+ Bxe6 27. Qxe6 Qg5 28. Rfe1 Nd2 29. Qd6+ Kg8 30. Qg3 Raf8 31. Re2 Qxg3 32. hxg3 Nb3 33. Rd1 1-0

[Event "Budapest FS03 FM-B"]
[Site "Budapest"]
[Date "2011.03.05"]
[Round "1"]
[White "Hegedus, Peter"]
[Black "Czipp, Janos"]
[Result "1-0"]
[WhiteElo "1792"]
[BlackElo "1599"]
[PlyCount "91"]
[EventDate "2011.03.05"]
[EventType "tourn"]
[EventRounds "10"]
[EventCountry "HUN"]
[SourceTitle "CBM 141 Extra"]
[Source "ChessBase"]
[SourceDate "2011.05.03"]
[SourceVersion "1"]
[SourceVersionDate "2011.05.03"]
[SourceQuality "1"]

1. e4 g6 2. d4 d6 3. Nf3 Nd7 4. Bc4 Bg7 5. c3 e5 6. 0-0 Ngf6 7. dxe5 dxe5 8. Qe2 0-0 9. Rd1 Qe8 10. b4 Nb6 11. Bd3 Bd7 12. b5 c6 13. Ba3 c5 14. Bxc5 Rc8 15. Bxf8 Bxf8 16. a4 Bg4 17. h3 Bxf3 18. Qxf3 Bg7 19. a5 Nbd7 20. c4 Nc5 21. Nc3 Qe6 22. Rac1 Nh5 23. Nd5 Nf6 24. b6 a6 25. Nc7 Qc6 26. Nd5 Qe6 27. Bc2 Kf8 28. Nxf6 Bxf6 29. Rd5 Be7 30. Rcd1 Ke8 31. Qe3 g5 32. Qc3 f6 33. Qf3 Qf7 34. Qf5 Ne6 35. Ba4+ Kf8 36. Rc1 Rc5 37. Rxc5 Bxc5 38. Qg4 Bd4 39. c5 Nxc5 40. Rxc5 Bxc5 41. Qc8+ Kg7 42. Qxc5 Kg6 43. Qd5 Qe7 44. Bb3 Kh6 45. Qf7 Qb4 46. Qxf6+ 1-0

[Event "Budapest FS02 FM-C"]
[Site "Budapest"]
[Date "2011.02.10"]
[Round "6"]
[White "Bohus, Adam"]
[Black "Hegedus, Peter"]
[Result "0-1"]
[WhiteElo "1606"]
[BlackElo "1851"]
[PlyCount "98"]
[EventDate "2011.02.05"]
[EventType "tourn"]
[EventRounds "10"]
[EventCountry "HUN"]
[SourceTitle "CBM 140 Extra"]
[Source "ChessBase"]
[SourceDate "2011.03.01"]
[SourceVersion "1"]
[SourceVersionDate "2011.03.01"]
[SourceQuality "1"]

1. d4 f5 2. g3 Nf6 3. Bg2 g6 4. Nf3 Bg7 5. 0-0 0-0 6. c4 d6 7. Nc3 c6 8. Rb1 Ne4 9. Qb3 Kh8 10. d5 Nxc3 11. bxc3 cxd5 12. cxd5 Na6 13. Qc2 Nc5 14. c4 f4 15. Bb2 Bf5 16. Bxg7+ Kxg7 17. Qb2+ Kg8 18. Rbd1 fxg3 19. fxg3 Qc7 20. Nd4 Bd7 21. e4 Rxf1+ 22. Rxf1 Nd3 23. Qb3 Ne5 24. Rc1 h6 25. Nf3 Qc5+ 26. Kh1 Ng4 27. h3 Nf2+ 28. Kh2 Nxe4 29. Re1 Nf6 30. Rxe7 Re8 31. Rxe8+ Bxe8 32. Qc3 Nh5 33. Nd4 Ng7 34. Ne6 Nxe6 35. dxe6 Qe5 36. Qxe5 dxe5 37. Bd5 Kf8 38. Kg2 Ke7 39. Kf3 g5 40. h4 gxh4 41. gxh4 Bg6 42. Kg4 Bb1 43. a3 Ba2 44. Kh5 b5 45. Kxh6 bxc4 46. Kg7 c3 47. Be4 Bb3 48. h5 c2 49. Bxc2 Bxc2 0-1

[Event "Budapest FS07 FM-B"]
[Site "Budapest"]
[Date "2010.07.03"]
[Round "1.1"]
[White "Toth, Antal"]
[Black "Hegedus, Peter"]
[Result "1/2-1/2"]
[WhiteElo "1694"]
[BlackElo "1863"]
[PlyCount "94"]
[EventDate "2010.07.03"]
[EventType "tourn"]
[EventRounds "10"]
[EventCountry "HUN"]
[SourceTitle "CBM 137 Extra"]
[Source "ChessBase"]
[SourceDate "2010.09.01"]
[SourceVersion "1"]
[SourceVersionDate "2010.09.01"]
[SourceQuality "1"]

1. e4 e6 2. d3 d5 3. Nd2 Nf6 4. e5 Nfd7 5. f4 c5 6. Ngf3 Nc6 7. c3 b5 8. a3 Bb7 9. g3 Be7 10. Bg2 0-0 11. 0-0 Qb6 12. Kh1 a5 13. b3 Rfd8 14. Re1 a4 15. b4 cxb4 16. cxb4 Nf8 17. Bb2 Rac8 18. Rc1 Rd7 19. Qe2 Rdc7 20. d4 f6 21. Nb1 fxe5 22. fxe5 Nd8 23. Rxc7 Rxc7 24. Nc3 Bc6 25. Rc1 Bd7 26. Bf1 Rb7 27. Kg2 Nf7 28. h4 Nh6 29. Qd3 Nf5 30. Ne2 Rc7 31. Rxc7 Qxc7 32. Qc3 Qxc3 33. Nxc3 Ne3+ 34. Kf2 Nxf1 35. Kxf1 Kf7 36. Kf2 Kg6 37. g4 h5 38. Kg3 Be8 39. Ne2 hxg4 40. Kxg4 Nd7 41. Nf4+ Kf7 42. Ng5+ Bxg5 43. Kxg5 Nb6 44. Bc1 Nc4 45. h5 Ke7 46. Ng6+ Bxg6 47. Kxg6 Kf8 1/2-1/2

[Event "HUN-chT2 Erkel 0304"]
[Site "Hungary"]
[Date "2003.11.16"]
[Round "3"]
[White "Nemeth, Laszlo"]
[Black "Hegedus, Peter"]
[Result "1/2-1/2"]
[WhiteElo "2061"]
[BlackElo "2072"]
[PlyCount "28"]
[EventDate "2003.09.28"]
[EventType "team"]
[EventRounds "11"]
[EventCountry "HUN"]
[SourceTitle "EXT 2009"]
[Source "ChessBase"]
[SourceDate "2008.11.26"]
[SourceVersion "1"]
[SourceVersionDate "2008.11.26"]
[SourceQuality "1"]
[WhiteTeam "Hatvan"]
[BlackTeam "Lang"]
[WhiteTeamCountry "HUN"]
[BlackTeamCountry "HUN"]

1. b4 e5 2. Bb2 Bxb4 3. Bxe5 Nf6 4. Nf3 Nc6 5. Bb2 d5 6. e3 a6 7. a3 Bd6 8. c4 Be6 9. cxd5 Bxd5 10. Nc3 Be6 11. Qc2 Qe7 12. Be2 Bd7 13. Bc4 Ne5 14. Nxe5 Bxe5 1/2-1/2

[Event "HUN-chT2 Erkel 0304"]
[Site "Hungary"]
[Date "2003.10.05"]
[Round "2"]
[White "Deli, Gabor"]
[Black "Hegedus, Peter"]
[Result "0-1"]
[WhiteElo "2072"]
[BlackElo "2072"]
[PlyCount "36"]
[EventDate "2003.09.28"]
[EventType "team"]
[EventRounds "11"]
[EventCountry "HUN"]
[SourceTitle "EXT 2009"]
[Source "ChessBase"]
[SourceDate "2008.11.26"]
[SourceVersion "1"]
[SourceVersionDate "2008.11.26"]
[SourceQuality "1"]
[WhiteTeam "Heves"]
[BlackTeam "Lang"]
[WhiteTeamCountry "HUN"]
[BlackTeamCountry "HUN"]

1. e4 e5 2. Nf3 Nc6 3. Bc4 Nf6 4. Ng5 d5 5. exd5 b5 6. Bxb5 Qxd5 7. Bxc6+ Qxc6 8. 0-0 Bb7 9. Nf3 Bc5 10. d3 0-0-0 11. Be3 e4 12. Ne5 Qd5 13. Bxc5 exd3 14. f3 Qxc5+ 15. Kh1 dxc2 16. Qe2 c1Q 17. Nd3 Q1e3 18. Qxe3 Qxe3 0-1

[Event "HUN-chT2 Breyer 0203"]
[Site "Hungary"]
[Date "2002.09.22"]
[Round "1"]
[White "Hegedus, Peter"]
[Black "Farkas, Laszlo"]
[Result "1-0"]
[WhiteElo "2054"]
[BlackElo "2147"]
[PlyCount "163"]
[EventDate "2002.09.22"]
[EventType "team"]
[EventRounds "11"]
[EventCountry "HUN"]
[SourceTitle "EXT 2009"]
[Source "ChessBase"]
[SourceDate "2008.11.26"]
[SourceVersion "1"]
[SourceVersionDate "2008.11.26"]
[SourceQuality "1"]

1. e4 c6 2. Nf3 g6 3. Bc4 d6 4. d4 Nf6 5. Nbd2 Nbd7 6. 0-0 Bh6 7. h3 e5 8. c3 b5 9. Bb3 Bb7 10. Re1 0-0 11. g4 Bg7 12. Nf1 Qc7 13. Ng3 c5 14. d5 c4 15. Bc2 a5 16. Be3 Kh8 17. Qd2 Ng8 18. h4 Ndf6 19. Nh2 Bc8 20. f3 h5 21. Bd1 Qe7 22. Bg5 Qa7+ 23. Be3 Qd7 24. Qg2 hxg4 25. fxg4 Nh7 26. Rf1 Qe7 27. g5 f5 28. exf5 gxf5 29. Nh5 f4 30. Bf2 Bf5 31. Ng4 Bd3 32. Re1 Qf7 33. Nxg7 Qxg7 34. Bf3 Ne7 35. Be4 Bxe4 36. Rxe4 Nf5 37. Rd1 Rg8 38. Nh2 Nf6 39. Ree1 Nh5 40. Nf1 Qh7 41. Qh3 Kg7 42. Kh2 Kg6 43. Re4 Rh8 44. Rde1 Rae8 45. Rd1 Re7 46. Qg4 Kf7 47. Rde1 Nhg7 48. Kh3 Ne3 49. g6+ Qxg6 50. Qxg6+ Kxg6 51. Bxe3 fxe3 52. Nxe3 Rf7 53. Rg4+ Kh7 54. Reg1 Nh5 55. Rg5 Ng7 56. R1g3 Rhf8 57. h5 Nf5 58. Nxf5 Rxf5 59. Rg7+ Kh8 60. Kh4 Rf2 61. R7g6 R2f6 62. Kg5 Rxg6+ 63. hxg6 Rf2 64. Rh3+ Kg8 65. Rh7 Rxb2 66. Rb7 b4 67. Rb8+ Kg7 68. Rb7+ Kf8 69. Rb8+ Ke7 70. Rb7+ Kd8 71. g7 Rg2+ 72. Kf6 Kc8 73. Rf7 a4 74. Rf8+ Kb7 75. g8Q Rxg8 76. Rxg8 b3 77. a3 e4 78. Ke6 e3 79. Kxd6 e2 80. Rg1 Kb6 81. Ke7 Kc5 82. d6 1-0

[Event "HUN-chT2 0102"]
[Site "Hungary"]
[Date "2002.04.21"]
[Round "11"]
[White "Hegedus, Peter"]
[Black "Fodor, Tamas Jr"]
[Result "1/2-1/2"]
[WhiteElo "2119"]
[BlackElo "2063"]
[PlyCount "73"]
[EventDate "2001.??.??"]
[EventType "team"]
[EventRounds "11"]
[EventCountry "HUN"]
[SourceTitle "EXT 2004"]
[Source "ChessBase"]
[SourceDate "2003.11.25"]
[SourceVersion "1"]
[SourceVersionDate "2003.11.25"]
[SourceQuality "1"]

1. e4 e6 2. d4 d5 3. exd5 exd5 4. Bd3 Bd6 5. Nf3 Nc6 6. 0-0 Bg4 7. Re1+ Nge7 8. c3 Qd7 9. h3 Bh5 10. Nbd2 f6 11. Nf1 0-0-0 12. Ng3 Bf7 13. Qc2 Be6 14. b4 h5 15. Nh4 Kb8 16. Ngf5 g5 17. b5 Na5 18. Nxe7 Bxe7 19. Nf5 Bd6 20. Nxd6 Qxd6 21. Bf5 Bxf5 22. Qxf5 Rhe8 23. Bd2 Nc4 24. Rxe8 Rxe8 25. Re1 Rxe1+ 26. Bxe1 b6 27. h4 Qd8 28. f3 Qe8 29. Bg3 Qe3+ 30. Kh2 Nd2 31. hxg5 fxg5 32. Qf8+ Kb7 33. Qf7 Nf1+ 34. Kh3 Nxg3 35. Qxd5+ Kb8 36. Qd8+ Kb7 37. Qd5+ 1/2-1/2

[Event "HUN-chT2 0102"]
[Site "Hungary"]
[Date "2002.04.07"]
[Round "10"]
[White "Hegedus, Peter"]
[Black "Boncz, Adam"]
[Result "1-0"]
[WhiteElo "2119"]
[BlackElo "1892"]
[PlyCount "63"]
[EventDate "2001.??.??"]
[EventType "team"]
[EventRounds "11"]
[EventCountry "HUN"]
[SourceTitle "EXT 2004"]
[Source "ChessBase"]
[SourceDate "2003.11.25"]
[SourceVersion "1"]
[SourceVersionDate "2003.11.25"]
[SourceQuality "1"]

1. e4 d5 2. exd5 Qxd5 3. Nc3 Qa5 4. d4 Nf6 5. Bd3 c6 6. Nge2 Bf5 7. b4 Qxb4 8. Bxf5 e6 9. Bd3 Qa5 10. 0-0 Bd6 11. Ne4 Nxe4 12. Bxe4 Qc7 13. g3 Nd7 14. c4 0-0 15. Rb1 h6 16. c5 Be7 17. Bf4 Qc8 18. Nc3 g5 19. Bd2 f5 20. Bg2 Rf6 21. Re1 Kh8 22. Qb3 Nf8 23. Qxb7 Qd8 24. Qxc6 Rc8 25. Qa4 Rc7 26. Nb5 Rc8 27. Bc3 Kg8 28. d5 exd5 29. Bxf6 Bxf6 30. Rbc1 Qd7 31. Qb3 Kg7 32. Nd6 1-0